Oeuvres complètes

Saved in:
Bibliographic Details
Main Author: Montesquieu, Charles Louis de Secondat, Barón de (autor)
Format: Book
Language:French
Published: París Du Seuil 1964
Subjects:
Tags: Add Tag
No Tags, Be the first to tag this record!

MARC

LEADER 00000nam a2200000 a 4500
001 UCZ3246
003 CL-VaPUC
008 951020e19640000FR |||||||||||||||||fre|d
082 0 4 |a 848  |b MON  |2 21 
100 |a Montesquieu, Charles Louis de Secondat, Barón de  |e autor  |9 515729 
245 1 0 |a Oeuvres complètes 
300 |a 1117 p 
942 |c BK 
945 |d 19951020 00:00:00  |a cmena 
260 |a París  |b Du Seuil  |c 1964 
650 0 |a Literatura francesa  |9 266330 
650 0 |a Filosofía francesa   |9 255698 
650 0 |a Filosofía del derecho   |9 255050 
650 0 |a Historia  |9 255047 
650 0 |a Poesías francesas  |9 265467 
583 |a last modification  |c 19951020 00:00:00  |k Rodrigo Vera 
999 |c 239737  |d 239735 
952 |0 0  |1 0  |4 0  |6 848_000000000000000_MON_1964  |7 0  |8 P  |9 251107  |a BIBEDU  |b BIBEDU  |c BIBEDU_PB  |d 2019-11-18  |i 1584588  |o 848 MON 1964  |p 1584588  |r 2024-01-25  |w 2019-11-18  |y BK  |k FIL 
952 |0 0  |1 0  |4 0  |6 848_000000000000000_MON_1964  |7 0  |8 DER_HIS  |9 251108  |a BIBDER  |b BIBDER  |d 2019-11-18  |i 1887270  |o 848 MON 1964  |p 1887270  |r 2023-01-25  |w 2019-11-18  |x Ubicación 4to Piso  |y BK  |z Estos recursos deben solicitarse con anticipación  |k DER